000 02228cam a22005654i 4500
003 PE-LiUPU
005 20250731172936.0
008 150623s r 000 0 d
020 _a0853647569
035 _a(Sirsi) i9780853647560
040 _aPE-LiUPU
_bspa
_cPE-LiUPU
_erda
049 _aPRUA
082 0 4 _a241.697
_bD22
_221
245 0 0 _aDignity and dying :
_ba christian appraisal /
_ceditado por John F. Kilner, Arlene B. Miller, y Edmund D. Pellegrino.
264 1 _aGrand Rapids, Michigan :
_bWilliam B. Eerdmans Publishing Company,
_c1998.
300 _a256 páginas ;
_c24 centímetros
336 _atext
_2rdacontent
337 _aunmediated
_2rdamedia
338 _avolume
_2rdacarrier
490 0 _aA Horizons in Bioethic Series Book
504 _aIncluye bibliografía.
505 0 _aIntroduction: the experience of dying. -Guiding vision. -Pressing challenges. -Particular settings. -Constructive alternatives.
526 _aSEG42
526 _aSEG41
526 _aSEG40
526 _aSEG39
526 _aP94
526 _aP87
526 _aP86
526 _aP85
526 _aP77
526 _aP76
526 _aP35
650 0 4 _aAtención terminal
_xCristianismo.
650 0 4 _aMuerte
_xCristianismo.
650 0 4 _aTrabajo de Iglesia con enfermos terminales.
700 1 _aKilner, John Frederic,
_eed.
700 1 _aMiller, Arlene B.1935-,
_eed.
700 1 _aPellegrino, Edmund D.1920-
710 2 _aCenter for Bioethics and Human Dignity
942 _2ddc
_cBOOK
949 _a241.697 D22
_wDEWEY
_c1
_i44386
_lCCODEBUL1
_mBUL
_r0
_sY
_tBOOK
_u2015-6-24
_xTEOLOGIA
_PP35
_0COMPRA
_o.STAFF. Colección General
949 _a241.697 D22
_wDEWEY
_c2
_i45947
_lCCODEBUL1
_mBUL
_r0
_sY
_tBOOK
_u2015-6-24
_xTEOLOGIA
_PP35
_0COMPRA
_o.STAFF. Colección General
994 _aC0
_bPEPRU
596 _a1
999 _a241.697 D22
_wDEWEY
_c21266
_i44386
_f2021-11-10
_g5
_lCCODEBUL1
_mBUL
_r0
_sY
_tBOOK
_u2015-6-24
_xTEOLOGIA
_PP35
_0COMPRA
_o.STAFF. Colección General
_d21266
999 _a241.697 D22
_wDEWEY
_c2
_i45947
_f2021-11-10
_g5
_lCCODEBUL1
_mBUL
_r0
_sY
_tBOOK
_u2015-6-24
_xTEOLOGIA
_PP35
_0COMPRA
_o.STAFF. Colección General
980 _81
_gALBERTO SANCHEZ Responsable de Automatización